[Event "Oberliga Sued W 2122"]
[Site "Germany"]
[Date "2021.10.24"]
[Round "1.2"]
[White "Oberhofer, Andre"]
[Black "Biehler, Thomas"]
[Result "0-1"]
[WhiteElo "2294"]
[BlackElo "2243"]
[PlyCount "82"]
[EventDate "2021.10.24"]
[EventType "team-tourn"]
[EventRounds "9"]
[EventCountry "GER"]
[SourceTitle "EXT 2023"]
[Source "ChessBase"]
[SourceDate "2022.10.05"]
[SourceVersion "1"]
[SourceVersionDate "2022.10.05"]
[SourceQuality "1"]
[WhiteTeam "Schwarzenbach"]
[BlackTeam "Illingen Turm"]
[WhiteTeamCountry "GER"]
[BlackTeamCountry "GER"]

1. e4 Nf6 2. e5 Nd5 3. d4 d6 4. c4 Nb6 5. f4 dxe5 6. fxe5 Nc6 7. Be3 Bf5 8. Nf3 Nb4 9. Na3 e6 10. Be2 Be7 11. 0-0 0-0 12. Kh1 a5 13. Bg1 c5 14. Nb5 Bc2 15. Qc1 cxd4 16. Nfxd4 Bg5 17. Be3 Bxe3 18. Qxe3 Bg6 19. Rad1 Nd7 20. Bf3 Qb6 21. h4 h6 22. h5 Bh7 23. Nd6 Rab8 24. Rd2 Nd3 25. Rxd3 Bxd3 26. Re1 Bh7 27. b3 Rfd8 28. N6b5 Qc5 29. Bg4 Qe7 30. Qh3 Kh8 31. Qg3 Nc5 32. Re3 Rd7 33. Nd6 Ne4 34. Nxe4 Rxd4 35. Nd6 b6 36. Rf3 Rf8 37. Bh3 Kg8 38. Qf2 Qh4 39. Rg3 Rd1+ 40. Kh2 Qxh5 41. Qxb6 Qxe5 0-1

[Event "BL2-Sued 1617"]
[Site "Germany"]
[Date "2017.02.19"]
[Round "6.2"]
[White "Maze, Sebastien"]
[Black "Oberhofer, Andre"]
[Result "1-0"]
[WhiteElo "2613"]
[BlackElo "2302"]
[PlyCount "80"]
[EventDate "2016.10.16"]
[EventType "team-tourn"]
[EventRounds "9"]
[EventCountry "GER"]
[SourceTitle "EXT 2018"]
[Source "ChessBase"]
[SourceDate "2017.10.13"]
[SourceVersion "1"]
[SourceVersionDate "2017.10.13"]
[SourceQuality "1"]
[WhiteTeam "Viernheim"]
[BlackTeam "Schwarzenbach"]
[WhiteTeamCountry "GER"]
[BlackTeamCountry "GER"]

1. e4 e5 2. Nf3 Nc6 3. Nc3 Nf6 4. Bb5 Nd4 5. Bc4 Nxf3+ 6. gxf3 Bc5 7. Rg1 b5 8. Bb3 0-0 9. d3 c6 10. Bg5 Qb6 11. Qd2 Nh5 12. a4 b4 13. Nd1 d5 14. Be3 Kh8 15. exd5 Bb7 16. a5 Bxe3 17. Nxe3 Qd4 18. a6 Bc8 19. dxc6 Nf4 20. Nc4 Bh3 21. 0-0-0 f6 22. Rge1 Bf5 23. Qe3 Ne6 24. Na5 Qb6 25. Qxb6 axb6 26. Nc4 Nd4 27. Nd6 Rxa6 28. Nxf5 Nxf3 29. c3 Ra1+ 30. Kc2 Nxe1+ 31. Kd2 Nf3+ 32. Ke3 Rxd1 33. Bxd1 bxc3 34. bxc3 Ng5 35. Bb3 Nf7 36. d4 g6 37. Bxf7 exd4+ 38. Kxd4 Rxf7 39. Nd6 Re7 40. Kc4 Re5 1-0

[Event "BL2-Sued 1617"]
[Site "Germany"]
[Date "2016.11.20"]
[Round "2.2"]
[White "Oberhofer, Andre"]
[Black "Miezis, Normunds"]
[Result "0-1"]
[WhiteElo "2302"]
[BlackElo "2505"]
[PlyCount "94"]
[EventDate "2016.10.16"]
[EventType "team-tourn"]
[EventRounds "9"]
[EventCountry "GER"]
[SourceTitle "EXT 2018"]
[Source "ChessBase"]
[SourceDate "2017.10.13"]
[SourceVersion "1"]
[SourceVersionDate "2017.10.13"]
[SourceQuality "1"]
[WhiteTeam "Schwarzenbach"]
[BlackTeam "Emmendingen"]
[WhiteTeamCountry "GER"]
[BlackTeamCountry "GER"]

1. e4 c5 2. c3 d5 3. exd5 Qxd5 4. d4 Nf6 5. Nf3 Bg4 6. Be2 e6 7. 0-0 Nc6 8. h3 Bh5 9. Be3 cxd4 10. Nxd4 Bxe2 11. Qxe2 Be7 12. Nxc6 Qxc6 13. Nd2 0-0 14. Bd4 Nd5 15. Rfe1 Nf4 16. Qe4 Qxe4 17. Rxe4 Nd3 18. Rb1 Rfd8 19. g3 Nc5 20. Re2 Na4 21. b3 Rxd4 22. cxd4 Nc3 23. Rbe1 Nxe2+ 24. Rxe2 Rc8 25. Nf3 Bb4 26. Kg2 g6 27. a3 Bf8 28. a4 a6 29. Re3 Rc2 30. Rd3 Rc8 31. Ne5 Rd8 32. Kf3 f6 33. Nc4 b5 34. axb5 axb5 35. Nd2 e5 36. Ke4 Kf7 37. g4 Ke6 38. d5+ Rxd5 39. Rxd5 f5+ 40. Kd3 Kxd5 41. f3 Bh6 42. gxf5 gxf5 43. Nf1 Bf4 44. h4 e4+ 45. fxe4+ fxe4+ 46. Kc3 h5 47. b4 Ke5 0-1

[Event "BL2-Sued 1617"]
[Site "Germany"]
[Date "2016.10.16"]
[Round "1.2"]
[White "Vishnu, Prasanna V"]
[Black "Oberhofer, Andre"]
[Result "1-0"]
[WhiteElo "2522"]
[BlackElo "2312"]
[PlyCount "65"]
[EventDate "2016.10.16"]
[EventType "team-tourn"]
[EventRounds "9"]
[EventCountry "GER"]
[SourceTitle "CBM 175 Extra"]
[Source "ChessBase"]
[SourceDate "2016.12.12"]
[SourceVersion "1"]
[SourceVersionDate "2016.12.12"]
[SourceQuality "1"]
[WhiteTeam "Schoenaich"]
[BlackTeam "Schwarzenbach"]
[WhiteTeamCountry "GER"]
[BlackTeamCountry "GER"]

1. c4 e6 2. g3 d5 3. Bg2 Nf6 4. Nf3 Be7 5. d4 0-0 6. Qc2 Nbd7 7. 0-0 c6 8. Nbd2 b6 9. e4 Bb7 10. Rd1 Rc8 11. e5 Ne8 12. cxd5 exd5 13. Nf1 Nc7 14. Ne3 Ne6 15. Nf5 Re8 16. h4 c5 17. Qe2 h6 18. Bxh6 gxh6 19. Nxh6+ Kg7 20. Nf5+ Kg8 21. Nh2 Bf8 22. Qg4+ Bg7 23. Nf3 cxd4 24. h5 Kf8 25. h6 Bh8 26. h7 Ng7 27. Nxg7 Bxg7 28. Qh5 Ke7 29. Qh4+ f6 30. Re1 Bh8 31. exf6+ Kf7 32. Qh5+ Kxf6 33. Qh4+ 1-0

[Event "Oberliga Sued W 1516"]
[Site "Germany"]
[Date "2015.11.15"]
[Round "3.3"]
[White "Oberhofer, Andre"]
[Black "Forthoffer, Patrick"]
[Result "1-0"]
[WhiteElo "2298"]
[BlackElo "2177"]
[PlyCount "53"]
[EventDate "2015.09.20"]
[EventType "team-tourn"]
[EventRounds "9"]
[EventCountry "GER"]
[SourceTitle "CBM 170 Extra"]
[Source "ChessBase"]
[SourceDate "2016.02.25"]
[SourceVersion "1"]
[SourceVersionDate "2016.02.25"]
[SourceQuality "1"]
[WhiteTeam "Schwarzenbach Caissa"]
[BlackTeam "Saarbruecken Gambit"]
[WhiteTeamCountry "GER"]
[BlackTeamCountry "GER"]

1. e4 d6 2. d4 Nf6 3. Nc3 e5 4. Nf3 Nbd7 5. Bc4 h6 6. 0-0 c6 7. a4 Be7 8. Re1 0-0 9. Ba2 Qc7 10. Qd3 a5 11. Ne2 exd4 12. Qxd4 Ne5 13. Ng3 Nfg4 14. Qd1 Nxf3+ 15. Qxf3 Ne5 16. Qc3 Re8 17. h3 d5 18. Nh5 Bb4 19. Qg3 Bg4 20. Nxg7 Kxg7 21. c3 Bd6 22. hxg4 Ng6 23. Qh3 Rxe4 24. Rxe4 dxe4 25. Qxh6+ Kf6 26. Bg5+ Ke5 27. Qh2+ 1-0

[Event "Oberliga Sued W 1415"]
[Site "Germany"]
[Date "2015.04.12"]
[Round "9.4"]
[White "Oberhofer, Andre"]
[Black "Lang, Torsten"]
[Result "1/2-1/2"]
[WhiteElo "2329"]
[BlackElo "2325"]
[PlyCount "118"]
[EventDate "2014.09.21"]
[EventType "team-tourn"]
[EventRounds "9"]
[EventCountry "GER"]
[SourceTitle "EXT 2019"]
[Source "ChessBase"]
[SourceDate "2018.10.10"]
[SourceVersion "1"]
[SourceVersionDate "2018.10.10"]
[SourceQuality "1"]
[WhiteTeam "Schwarzenbach Caissa"]
[BlackTeam "Landau"]
[WhiteTeamCountry "GER"]
[BlackTeamCountry "GER"]

1. d4 g6 2. e4 Bg7 3. Be2 d6 4. Nc3 a6 5. h4 h5 6. Nf3 Nd7 7. Bg5 Ngf6 8. e5 dxe5 9. dxe5 Ng4 10. Nd5 c6 11. Nxe7 Qa5+ 12. b4 Qxb4+ 13. Kf1 Qc5 14. Qe1 Ndxe5 15. Nxc8 Rxc8 16. Nxe5 Nxe5 17. Rb1 0-0 18. Rxb7 Rb8 19. Rb3 Qxc2 20. Rhh3 Qxa2 21. Ra3 Qc2 22. Rhc3 Qf5 23. Rxa6 Rb1 24. Rc1 Rfb8 25. Ra8 Rxa8 26. Rxb1 Ng4 27. Bxg4 hxg4 28. Be3 g3 29. Rc1 Ra2 30. Kg1 Qe4 31. Bb6 Re2 32. Qd1 Rb2 33. Qd8+ Kh7 34. Rf1 Be5 35. Be3 Kg7 36. h5 gxf2+ 37. Bxf2 Qf4 38. g3 Qe4 39. h6+ Kxh6 40. Qf8+ Kh7 41. Qxf7+ Bg7 42. Re1 Rb1 43. Rxb1 Qxb1+ 44. Kh2 Qe4 45. Qd7 Kh6 46. Qd2+ Kh7 47. Qd7 Qd5 48. Qh3+ Kg8 49. Qc8+ Bf8 50. Qa8 Kf7 51. Qa7+ Be7 52. Qb8 Qf3 53. Qb6 c5 54. Kg1 Qd1+ 55. Kg2 Qd5+ 56. Kf1 c4 57. Qc7 Qd3+ 58. Kg2 Qe4+ 59. Kf1 Qd3+ 1/2-1/2

[Event "Oberliga Sued W 1415"]
[Site "Germany"]
[Date "2015.01.18"]
[Round "5.3"]
[White "Schmidt, Johannes"]
[Black "Oberhofer, Andre"]
[Result "1-0"]
[WhiteElo "2215"]
[BlackElo "2329"]
[PlyCount "87"]
[EventDate "2014.09.21"]
[EventType "team-tourn"]
[EventRounds "9"]
[EventCountry "GER"]
[SourceTitle "EXT 2019"]
[Source "ChessBase"]
[SourceDate "2018.10.10"]
[SourceVersion "1"]
[SourceVersionDate "2018.10.10"]
[SourceQuality "1"]
[WhiteTeam "Illingen Turm"]
[BlackTeam "Schwarzenbach Caissa"]
[WhiteTeamCountry "GER"]
[BlackTeamCountry "GER"]

1. c4 Nf6 2. g3 e6 3. Bg2 d5 4. Nf3 Be7 5. d4 0-0 6. 0-0 Nbd7 7. Qc2 c6 8. Nbd2 b6 9. e4 Bb7 10. e5 Ne8 11. cxd5 exd5 12. Re1 Nc7 13. Nf1 Ne6 14. Ne3 c5 15. Nf5 Re8 16. Nxe7+ Qxe7 17. b3 cxd4 18. Bb2 Rac8 19. Qd2 d3 20. Qxd3 Ndc5 21. Qe3 Ne4 22. Rac1 N6c5 23. Bh3 Rcd8 24. Nh4 h6 25. f3 Ng5 26. Bg2 Qd7 27. Rcd1 f6 28. Qc3 fxe5 29. Rxe5 Rxe5 30. Qxe5 Re8 31. Qc3 Re2 32. Bf1 Re7 33. Ng6 Re6 34. Nf4 d4 35. Qc4 Nxf3+ 36. Kf2 Ne4+ 37. Kxf3 Nc3+ 38. Kg4 Bd5 39. Nxd5 Rf6+ 40. Kh4 g5+ 41. Kh5 Qf7+ 42. Kg4 Qe6+ 43. Kh5 Nxd5 44. Qxd5 1-0

[Event "BL2-Sued 1314"]
[Site "Germany"]
[Date "2014.04.06"]
[Round "9.4"]
[White "Gurevich, Vladimir"]
[Black "Oberhofer, Andre"]
[Result "1/2-1/2"]
[WhiteElo "2489"]
[BlackElo "2326"]
[PlyCount "165"]
[EventDate "2013.10.13"]
[EventType "team-tourn"]
[EventRounds "9"]
[EventCountry "GER"]
[SourceTitle "EXT 2015"]
[Source "ChessBase"]
[SourceDate "2014.11.20"]
[SourceVersion "1"]
[SourceVersionDate "2014.11.20"]
[SourceQuality "1"]
[WhiteTeam "Boeblingen"]
[BlackTeam "Schwarzenbach"]
[WhiteTeamCountry "GER"]
[BlackTeamCountry "GER"]

1. e4 e5 2. Nf3 Nc6 3. Bc4 Nf6 4. d3 Be7 5. 0-0 d6 6. Re1 0-0 7. c3 Na5 8. Bb5 a6 9. Ba4 c5 10. Nbd2 Qc7 11. Nf1 b5 12. Bc2 Be6 13. h3 Rad8 14. Ng3 Nc6 15. Qe2 h6 16. Bd2 Rfe8 17. c4 Bf8 18. Rac1 Qb7 19. b3 g6 20. Be3 Nd4 21. Nxd4 exd4 22. Bd2 Bg7 23. f4 d5 24. cxd5 Bxd5 25. Qf2 Bc6 26. Bd1 c4 27. bxc4 bxc4 28. Rxc4 Bb5 29. Rb4 a5 30. Rb2 Qa6 31. e5 Nd5 32. Ne4 Bxd3 33. Nc5 Qc4 34. Nb7 a4 35. Na5 Qc5 36. Bxa4 Qa3 37. Qxd4 Bf8 38. Nb7 Nxf4 39. Qxf4 Qxb2 40. Nxd8 Rxd8 41. Bb3 Bf5 42. Be3 Bg7 43. Qf2 Qc3 44. Bf4 Be6 45. Rc1 Qb4 46. Qe3 g5 47. Bg3 Rb8 48. Bxe6 fxe6 49. a3 Qb2 50. Qc3 Qe2 51. Qc6 Kh7 52. Re1 Qa2 53. Qe4+ Kg8 54. a4 Rc8 55. Rd1 Qb3 56. Rd3 Rc1+ 57. Kh2 Qb6 58. Rd4 Rc3 59. Rd6 Qe3 60. Qxe3 Rxe3 61. Rxe6 Kf7 62. Rb6 Bxe5 63. Bxe5 Rxe5 64. Kg3 Rf5 65. a5 h5 66. Kh2 h4 67. Kg1 Ke7 68. Rh6 Kf7 69. a6 Kg7 70. Rd6 Ra5 71. Rb6 Ra2 72. Kf1 Kf7 73. Rb7+ Kf6 74. a7 Ke5 75. Ke1 Kf4 76. Rg7 Ke3 77. Re7+ Kf4 78. Rg7 Ke3 79. Kd1 Ra1+ 80. Kc2 Kf2 81. Rxg5 Rxa7 82. Rg4 Rd7 83. Kc3 1/2-1/2

[Event "BL2-Sued 1314"]
[Site "Germany"]
[Date "2014.03.16"]
[Round "8.3"]
[White "Seifert, Christopher"]
[Black "Oberhofer, Andre"]
[Result "1-0"]
[WhiteElo "2314"]
[BlackElo "2334"]
[PlyCount "81"]
[EventDate "2013.10.13"]
[EventType "team-tourn"]
[EventRounds "9"]
[EventCountry "GER"]
[SourceTitle "EXT 2015"]
[Source "ChessBase"]
[SourceDate "2014.11.20"]
[SourceVersion "1"]
[SourceVersionDate "2014.11.20"]
[SourceQuality "1"]
[WhiteTeam "Neuberg"]
[BlackTeam "Schwarzenbach"]
[WhiteTeamCountry "GER"]
[BlackTeamCountry "GER"]

1. c4 Nf6 2. Nc3 e6 3. Nf3 d5 4. e3 Be7 5. b3 0-0 6. Bb2 c5 7. Rc1 Nc6 8. cxd5 Nxd5 9. Na4 b6 10. Bb5 Bb7 11. Qc2 Ncb4 12. Qb1 Nf6 13. Nc3 Qd6 14. a3 Nc6 15. 0-0 Ne5 16. Nxe5 Qxe5 17. f4 Qf5 18. Bd3 Qg4 19. Ne4 Rad8 20. Bxf6 Rxd3 21. Qxd3 Rd8 22. Qc2 Bxf6 23. Nxf6+ gxf6 24. Rf2 f5 25. Qc3 Be4 26. Qe5 Rd3 27. b4 Rb3 28. Qc7 c4 29. Qxa7 h6 30. Qxb6 Rxa3 31. Qd8+ Kg7 32. Qc7 Kg6 33. Qxc4 Bd5 34. Qd4 Ra2 35. h3 Qg3 36. b5 Be4 37. b6 f6 38. Qd7 Kh5 39. b7 Rb2 40. Qe8+ Kh4 41. Qh8 1-0

[Event "BL2-Sued 1314"]
[Site "Germany"]
[Date "2013.11.10"]
[Round "2.3"]
[White "Oberhofer, Andre"]
[Black "Balcerak, Jakob"]
[Result "1-0"]
[WhiteElo "2349"]
[BlackElo "2460"]
[PlyCount "61"]
[EventDate "2013.10.13"]
[EventType "team-tourn"]
[EventRounds "9"]
[EventCountry "GER"]
[SourceTitle "EXT 2015"]
[Source "ChessBase"]
[SourceDate "2014.11.20"]
[SourceVersion "1"]
[SourceVersionDate "2014.11.20"]
[SourceQuality "1"]
[WhiteTeam "Schwarzenbach"]
[BlackTeam "Schott Mainz"]
[WhiteTeamCountry "GER"]
[BlackTeamCountry "GER"]

1. e4 c5 2. c3 d6 3. d4 Nf6 4. f3 Nc6 5. Be3 d5 6. e5 Nd7 7. f4 cxd4 8. cxd4 Nb6 9. Nc3 Bf5 10. Bd3 Bxd3 11. Qxd3 Nc4 12. Bc1 e6 13. Nf3 Qb6 14. 0-0 g6 15. Kh1 a6 16. Rf2 Rc8 17. b3 Na3 18. Bb2 Qa5 19. Rc1 b5 20. f5 Bh6 21. fxe6 fxe6 22. Nd2 Ne7 23. Rf6 b4 24. Na4 Rxc1+ 25. Bxc1 Qb5 26. Qf3 Bxd2 27. Bxd2 Nc2 28. Rxe6 Rf8 29. Rf6 Rxf6 30. exf6 Nxd4 31. f7+ 1-0

[Event "GER-ch 84th"]
[Site "Saarbruecken"]
[Date "2013.09.08"]
[Round "3"]
[White "Oberhofer, Andre"]
[Black "Seyfried, Claus"]
[Result "1-0"]
[WhiteElo "2329"]
[BlackElo "2185"]
[PlyCount "105"]
[EventDate "2013.09.06"]
[EventType "swiss"]
[EventRounds "9"]
[EventCountry "GER"]
[SourceTitle "CBM 156 Extra"]
[Source "ChessBase"]
[SourceDate "2013.10.22"]
[SourceVersion "1"]
[SourceVersionDate "2013.10.22"]
[SourceQuality "1"]

1. e4 e6 2. d4 d5 3. Nc3 Nf6 4. Bg5 Bb4 5. exd5 Qxd5 6. Bxf6 Bxc3+ 7. bxc3 gxf6 8. Qf3 Qa5 9. Ne2 Nd7 10. Nc1 c6 11. a4 Rg8 12. Nb3 Qd5 13. Qe3 Nb6 14. a5 Nc4 15. Qd3 Nd6 16. c4 Qe4+ 17. Qxe4 Nxe4 18. Bd3 f5 19. Bxe4 fxe4 20. 0-0 f5 21. f3 exf3 22. Rxf3 Rb8 23. Re1 Kf7 24. Rh3 Rg7 25. Nc5 b6 26. Rb1 Kf6 27. Rhb3 e5 28. axb6 axb6 29. Rxb6 Rxb6 30. Rxb6 Rc7 31. c3 f4 32. Nd3 exd4 33. cxd4 Kf5 34. Nc5 h5 35. h3 h4 36. Rb8 f3 37. gxf3 Kf4 38. Kf2 Bxh3 39. Rh8 Bf5 40. Rxh4+ Kg5 41. Kg3 Ra7 42. Ne4+ Kg6 43. Kf4 Be6 44. c5 Ra3 45. Ke5 Bd5 46. Rg4+ Kf7 47. Rg1 Kf8 48. Rg6 Rxf3 49. Rf6+ Rxf6 50. Nxf6 Bg2 51. Ke6 Bh3+ 52. Kd6 Bg2 53. Nd7+ 1-0

[Event "Staufer op 25th"]
[Site "Schwaebisch Gmuend"]
[Date "2013.01.06"]
[Round "9"]
[White "Dgebuadze, Alexandre"]
[Black "Oberhofer, Andre"]
[Result "1-0"]
[WhiteElo "2524"]
[BlackElo "2287"]
[PlyCount "53"]
[EventDate "2013.01.02"]
[EventType "swiss"]
[EventRounds "9"]
[EventCountry "GER"]
[SourceTitle "CBM 152 Extra"]
[Source "ChessBase"]
[SourceDate "2013.02.25"]
[SourceVersion "1"]
[SourceVersionDate "2013.02.25"]
[SourceQuality "1"]

1. e4 e5 2. Nf3 Nc6 3. Bc4 Nf6 4. d3 Be7 5. 0-0 0-0 6. Re1 d6 7. c3 Na5 8. Bb5 a6 9. Ba4 c5 10. Nbd2 Qc7 11. Nf1 Be6 12. h3 Rad8 13. Ng5 Bc8 14. f4 c4 15. d4 h6 16. Nf3 d5 17. fxe5 Nxe4 18. Bf4 Qb6 19. Rb1 Qg6 20. Bc2 Bxh3 21. Ne3 b5 22. Qe2 Nc6 23. Nxd5 Rxd5 24. Bxe4 Bf5 25. Bxd5 Bxb1 26. e6 Bd3 27. Qd2 1-0

[Event "Oberliga Sued W 1112"]
[Site "Germany"]
[Date "2012.04.15"]
[Round "9"]
[White "Haasler, Andreas"]
[Black "Oberhofer, Andre"]
[Result "0-1"]
[WhiteElo "2263"]
[BlackElo "2308"]
[PlyCount "120"]
[EventDate "2011.09.25"]
[EventType "team-tourn"]
[EventRounds "9"]
[EventCountry "GER"]
[SourceTitle "EXT 2013"]
[Source "ChessBase"]
[SourceDate "2012.11.22"]
[SourceVersion "1"]
[SourceVersionDate "2012.11.22"]
[SourceQuality "1"]
[WhiteTeam "Heidesheim"]
[BlackTeam "Saarbruecken Gambit"]
[WhiteTeamCountry "GER"]
[BlackTeamCountry "GER"]

1. d4 Nf6 2. Nf3 e6 3. c4 b6 4. g3 Ba6 5. Qa4 Bb7 6. Bg2 c5 7. 0-0 cxd4 8. Nxd4 Bxg2 9. Kxg2 Bc5 10. Rd1 0-0 11. Nc3 Qc8 12. Bg5 Be7 13. f3 Na6 14. Ne4 Nc5 15. Nxc5 Qxc5 16. Bf4 Rfc8 17. Rac1 Nh5 18. Be3 Qe5 19. Qxd7 Bc5 20. Bf2 Nf6 21. Qa4 Bxd4 22. Rxd4 Qxe2 23. Rc2 Qe5 24. Rcd2 h6 25. Qd1 Qc7 26. f4 e5 27. fxe5 Qxe5 28. Qf3 Re8 29. Rf4 Rad8 30. Bd4 Qe6 31. Bc3 Rxd2+ 32. Bxd2 Ne4 33. Qd3 Qc6 34. Qf3 Qxc4 35. Bc3 Qe6 36. a3 Ng5 37. Qg4 Qxg4 38. Rxg4 Re2+ 39. Kg1 Nf3+ 40. Kf1 Nxh2+ 41. Kxe2 Nxg4 42. Kf3 f5 43. a4 a6 44. Ke2 Kf7 45. Kd3 g5 46. Kd4 Ke6 47. a5 bxa5 48. Bxa5 Ne5 49. Bc7 Nd7 50. b4 h5 51. Bd8 Nf6 52. Kc5 h4 53. gxh4 gxh4 54. Bc7 h3 55. Bf4 Nd5 56. Bh2 f4 57. Kd4 f3 58. Kd3 Kf5 59. Kd2 Ke4 60. Ke1 Nxb4 0-1

[Event "Saarland-ch MA 87th"]
[Site "Voelklingen"]
[Date "2012.04.01"]
[Round "3"]
[White "Mueller, Reinhold"]
[Black "Oberhofer, Andre"]
[Result "1-0"]
[WhiteElo "2300"]
[BlackElo "2299"]
[PlyCount "65"]
[EventDate "2012.03.30"]
[EventType "swiss"]
[EventRounds "7"]
[EventCountry "GER"]
[SourceTitle "EXT 2013"]
[Source "ChessBase"]
[SourceDate "2012.11.22"]
[SourceVersion "1"]
[SourceVersionDate "2012.11.22"]
[SourceQuality "1"]

1. d4 Nf6 2. c4 e6 3. g3 d5 4. Bg2 Be7 5. Nf3 0-0 6. Qc2 Nbd7 7. 0-0 c6 8. Nbd2 b6 9. e4 Bb7 10. e5 Ne8 11. b3 Nc7 12. Bb2 c5 13. Rfd1 Rc8 14. a4 Na6 15. Rac1 Rc7 16. cxd5 Bxd5 17. Nc4 Qa8 18. Qe2 Nb4 19. Ba3 cxd4 20. Nxb6 axb6 21. Rxc7 Qd8 22. Rcc1 Nd3 23. Qxd3 Bxa3 24. Rb1 Qa8 25. b4 Qxa4 26. Ng5 g6 27. Bxd5 exd5 28. Ra1 Ra8 29. Qxd4 h6 30. Nxf7 Kxf7 31. Qxd5+ Ke7 32. Qd6+ Ke8 33. Qxg6+ 1-0

[Event "Oberliga Sued W 1112"]
[Site "Germany"]
[Date "2012.02.26"]
[Round "7"]
[White "Prie, Eric"]
[Black "Oberhofer, Andre"]
[Result "1-0"]
[WhiteElo "2490"]
[BlackElo "2308"]
[PlyCount "73"]
[EventDate "2011.09.25"]
[EventType "team-tourn"]
[EventRounds "9"]
[EventCountry "GER"]
[SourceTitle "EXT 2013"]
[Source "ChessBase"]
[SourceDate "2012.11.22"]
[SourceVersion "1"]
[SourceVersionDate "2012.11.22"]
[SourceQuality "1"]
[WhiteTeam "Koblenz"]
[BlackTeam "Saarbruecken Gambit"]
[WhiteTeamCountry "GER"]
[BlackTeamCountry "GER"]

1. d4 Nf6 2. Bf4 e6 3. e3 b6 4. Nf3 Be7 5. h3 c5 6. c3 Ba6 7. Bxa6 Nxa6 8. 0-0 0-0 9. Re1 d5 10. Nbd2 Nb8 11. Ne5 Nfd7 12. Ndf3 Nxe5 13. Nxe5 Bf6 14. Rc1 Bxe5 15. Bxe5 Nc6 16. Bg3 cxd4 17. cxd4 Qd7 18. Qa4 Rfc8 19. Rc3 Ne5 20. Qxd7 Nxd7 21. Bc7 Kf8 22. Rec1 Ke8 23. f3 b5 24. a3 Nb6 25. b3 Nd7 26. Kf2 Nf6 27. Be5 Kd8 28. Bxf6+ gxf6 29. Rxc8+ Rxc8 30. Rxc8+ Kxc8 31. Kg3 Kd7 32. Kg4 Ke7 33. Kh5 Kf8 34. Kh6 Kg8 35. g4 Kh8 36. e4 Kg8 37. exd5 1-0

[Event "Gibraltar Masters 10th"]
[Site "Caleta"]
[Date "2012.02.01"]
[Round "9"]
[White "Zatonskih, Anna"]
[Black "Oberhofer, Andre"]
[Result "1-0"]
[WhiteElo "2506"]
[BlackElo "2299"]
[PlyCount "69"]
[EventDate "2012.01.24"]
[EventType "swiss"]
[EventRounds "10"]
[EventCountry "GGB"]
[SourceTitle "CBM 147"]
[Source "ChessBase"]
[SourceDate "2012.03.16"]
[SourceVersion "1"]
[SourceVersionDate "2012.03.16"]
[SourceQuality "1"]

1. d4 Nf6 2. c4 e6 3. Nf3 b6 4. g3 Bb4+ 5. Bd2 Bxd2+ 6. Nbxd2 Bb7 7. Bg2 0-0 8. 0-0 d6 9. Qc2 Nbd7 10. Rfe1 Qe7 11. Rac1 Rfe8 12. a3 g6 13. e4 e5 14. d5 Rf8 15. Nb1 Nh5 16. Nc3 Ng7 17. Nh4 Nf6 18. Bf1 Nfh5 19. Be2 Bc8 20. b4 Nf4 21. c5 f5 22. cxd6 cxd6 23. Bf1 Bd7 24. Qd2 Nfh5 25. exf5 gxf5 26. Bb5 Bxb5 27. Nxb5 Rac8 28. Rc6 Nf6 29. Nxd6 Rxc6 30. dxc6 f4 31. Rc1 Nge8 32. Nhf5 Qe6 33. c7 Nxd6 34. Qxd6 Qxf5 35. Qxf8+ 1-0

[Event "Gibraltar Masters 10th"]
[Site "Caleta"]
[Date "2012.01.28"]
[Round "5"]
[White "Jussupow, Artur"]
[Black "Oberhofer, Andre"]
[Result "1-0"]
[WhiteElo "2569"]
[BlackElo "2299"]
[PlyCount "59"]
[EventDate "2012.01.24"]
[EventType "swiss"]
[EventRounds "10"]
[EventCountry "GGB"]
[SourceTitle "CBM 147"]
[Source "ChessBase"]
[SourceDate "2012.03.16"]
[SourceVersion "1"]
[SourceVersionDate "2012.03.16"]
[SourceQuality "1"]

1. d4 d5 2. Nf3 Nf6 3. c4 e6 4. Nc3 Be7 5. Bg5 0-0 6. Qc2 Nbd7 7. Rd1 c6 8. e3 b6 9. Bd3 Bb7 10. 0-0 h6 11. Bf4 Nh5 12. Be5 f5 13. cxd5 cxd5 14. Rc1 Rc8 15. Qe2 Nhf6 16. Nb5 Nxe5 17. dxe5 Ne4 18. Rxc8 Qxc8 19. Nxa7 Qa8 20. Nb5 Qxa2 21. Nfd4 Nc5 22. b4 Qxe2 23. Bxe2 Nd7 24. Nxe6 Rc8 25. Nd6 Bxd6 26. exd6 Kf7 27. Nd4 g6 28. Bb5 Nb8 29. Ra1 Kf6 30. d7 1-0

[Event "Gibraltar Masters 10th"]
[Site "Caleta"]
[Date "2012.01.25"]
[Round "2"]
[White "Oberhofer, Andre"]
[Black "Skutta, Bernd"]
[Result "1-0"]
[WhiteElo "2299"]
[BlackElo "2078"]
[PlyCount "49"]
[EventDate "2012.01.24"]
[EventType "swiss"]
[EventRounds "10"]
[EventCountry "GGB"]
[SourceTitle "CBM 147"]
[Source "ChessBase"]
[SourceDate "2012.03.16"]
[SourceVersion "1"]
[SourceVersionDate "2012.03.16"]
[SourceQuality "1"]

1. e4 d6 2. d4 Nf6 3. Nc3 e5 4. dxe5 dxe5 5. Qxd8+ Kxd8 6. Nf3 Nbd7 7. Ng5 Ke8 8. Bc4 Bb4 9. Nxf7 Rf8 10. Ng5 Nb6 11. Bd3 c5 12. 0-0 c4 13. Be2 h6 14. Nf3 Bxc3 15. bxc3 Nxe4 16. Nxe5 Rf5 17. Nxc4 Nxc3 18. Bd3 Nxc4 19. Bxc4 Rc5 20. Re1+ Kd8 21. Bb3 Bf5 22. Ba3 Rc7 23. Re5 Bg6 24. Rae1 Rd7 25. Be7+ 1-0

[Event "Berlin Lichtenberger op 10th"]
[Site "Berlin"]
[Date "2011.08.21"]
[Round "9"]
[White "Noetzel, Felix"]
[Black "Oberhofer, Andre"]
[Result "0-1"]
[WhiteElo "2090"]
[BlackElo "2308"]
[PlyCount "84"]
[EventDate "2011.08.13"]
[EventType "swiss"]
[EventRounds "9"]
[EventCountry "GER"]
[SourceTitle "CBM 143 Extra"]
[Source "ChessBase"]
[SourceDate "2011.08.29"]
[SourceVersion "1"]
[SourceVersionDate "2011.08.29"]
[SourceQuality "1"]

1. e4 e5 2. Nf3 Nc6 3. d4 exd4 4. c3 dxc3 5. Bc4 d6 6. Nxc3 Be6 7. Bxe6 fxe6 8. Qb3 Qd7 9. Qxb7 Rb8 10. Qa6 Be7 11. 0-0 Bf6 12. Qe2 Nge7 13. Rd1 Bxc3 14. bxc3 0-0 15. Ba3 e5 16. Qc4+ Kh8 17. Rab1 Rb6 18. Rb5 Qg4 19. h3 Qg6 20. Rxb6 axb6 21. Kh1 Qh5 22. Rd3 Qe8 23. Bc1 h6 24. g3 Qd7 25. Kg2 Na5 26. Qb4 Qc6 27. Be3 Nc4 28. Nd2 b5 29. f3 Ra8 30. Nxc4 Qxc4 31. Qxc4 bxc4 32. Rd2 Ra3 33. Rc2 Kg8 34. Bc1 Ra8 35. Rb2 Kf7 36. f4 Nc6 37. f5 d5 38. Kf3 d4 39. Rb7 Rc8 40. g4 dxc3 41. h4 Ke8 42. Rb5 Nd4+ 0-1